000 01004aab a2200217 4500
001 768714001
003 CO-MdFUSB
005 20240530170726.0
008 170508s1993 cr ||||| |||| 00| 0 spa d
022 _a1409-1968
040 _aCO-MdFUSB
_bspa
_cCO-MdFUSB
_dCO-MdFUSB
041 _aspa
100 1 _aWittig, Randall M.
_eautor
245 1 0 _aCon grandes dolores y victorias
_c/ Randall M. Wittig
300 _aVolumen 10. Número 4 (1993), páginas 4
_c: 27 cm.
520 _aEl dolor experimentado en el liderazgo espiritual suele ser de lo más cruel y doloroso. Dios permite que algunos pasen épocas sin él; otros lo experimentan desde el comienzo y hasta su fin. El dolor no siempre tiene relación con la espiritualidad de la persona; en la mayoría de los casos tiene que ver con la falta de espiritualidad de otros.
650 0 _aVida cristiana
_919
773 0 _tApuntes Pastorales
_049442
_960148
_gVolumen 10. Número 4 (1993), páginas 4
_qPágina 4
942 _cANA
945 _aJTF-925
999 _c49763
_d49763